<?xml version="1.0" encoding="UTF-8"?>
<record
    xmlns:xsi="http://www.w3.org/2001/XMLSchema-instance"
    xsi:schemaLocation="http://www.loc.gov/MARC21/slim http://www.loc.gov/standards/marcxml/schema/MARC21slim.xsd"
    xmlns="http://www.loc.gov/MARC21/slim">

  <leader>05157nam a2200457Ia 4500</leader>
  <controlfield tag="001">dia_5196</controlfield>
  <controlfield tag="003">CHAP</controlfield>
  <controlfield tag="005">20240902114604.0</controlfield>
  <controlfield tag="007">ta</controlfield>
  <controlfield tag="008">220117s2013    mx do  fsm    001 0 spa d</controlfield>
  <datafield tag="010" ind1=" " ind2=" ">
    <subfield code="a">176082</subfield>
  </datafield>
  <datafield tag="040" ind1=" " ind2=" ">
    <subfield code="c">CHAP</subfield>
    <subfield code="a">mxchpua</subfield>
    <subfield code="e">rda</subfield>
  </datafield>
  <datafield tag="041" ind1="0" ind2=" ">
    <subfield code="a">spa</subfield>
    <subfield code="b">eng</subfield>
  </datafield>
  <datafield tag="090" ind1=" " ind2=" ">
    <subfield code="a">Tesis </subfield>
    <subfield code="b">A58 </subfield>
    <subfield code="c">2013</subfield>
  </datafield>
  <datafield tag="100" ind1="1" ind2=" ">
    <subfield code="a">&#xC1;lvarez Castro, Nicte Verenice</subfield>
  </datafield>
  <datafield tag="240" ind1="1" ind2="0">
    <subfield code="a">Development of a candy with nutraceutic potential from xoconostle fruit sweetened with neotame.</subfield>
    <subfield code="l">Espa&#xF1;ol</subfield>
  </datafield>
  <datafield tag="245" ind1="1" ind2="0">
    <subfield code="a">Desarrollo de un dulce con potencial nutrace&#xFA;tico a partir del fruto de xoconostle edulcorado con neotame /</subfield>
    <subfield code="c">Nicte Verenice &#xC1;lvarez Castro</subfield>
  </datafield>
  <datafield tag="264" ind1=" " ind2=" ">
    <subfield code="a">Chapingo, M&#xE9;xico :</subfield>
    <subfield code="b">El autor,</subfield>
    <subfield code="c">2013</subfield>
  </datafield>
  <datafield tag="300" ind1=" " ind2=" ">
    <subfield code="a">xx, 152 hojas :</subfield>
    <subfield code="b">gr&#xE1;ficas, tablas, fotos +</subfield>
    <subfield code="e">1 CD-ROM</subfield>
  </datafield>
  <datafield tag="336" ind1=" " ind2=" ">
    <subfield code="2">rdacontent</subfield>
    <subfield code="a">texto</subfield>
    <subfield code="b">txt</subfield>
  </datafield>
  <datafield tag="337" ind1=" " ind2=" ">
    <subfield code="2">rdamedia</subfield>
    <subfield code="a">no mediado</subfield>
    <subfield code="b">n</subfield>
  </datafield>
  <datafield tag="338" ind1=" " ind2=" ">
    <subfield code="2">rdacarrier</subfield>
    <subfield code="a">volumen</subfield>
    <subfield code="b">nc</subfield>
  </datafield>
  <datafield tag="502" ind1=" " ind2=" ">
    <subfield code="a">Tesis </subfield>
    <subfield code="b">(Maestro en Ciencias en Ciencia y Tecnolog&#xED;a Agroalimentaria) -- </subfield>
    <subfield code="c">UACh. Departamento de Ingenier&#xED;a Agroindustrial, </subfield>
    <subfield code="d">2013</subfield>
  </datafield>
  <datafield tag="504" ind1=" " ind2=" ">
    <subfield code="a">Incluye bibliograf&#xED;as</subfield>
  </datafield>
  <datafield tag="520" ind1="3" ind2=" ">
    <subfield code="a">El xoconostle, fruto del nopal conocido como tuna acida (pH menor a 3.4), pertenece al g&#xE9;nero Opuntia de la familia cact&#xE1;cea clasificado como Opuntia matudae Sheinvar. Los objetivos de este estudio fueron: desarrollar un dulce a partir de la c&#xE1;scara del fruto de xoconostle (O. matudae) sin modificar su potencial nutrac&#xE9;utico y mejorar su sabor con neotame; determinar el efecto del tiempo de edulcorado y concentraci&#xF3;n de neotame sobre la cin&#xE9;tica de secado convectivo y por liofilizaci&#xF3;n; determinar el efecto de la concentraci&#xF3;n de neotame en el contenido de fenoles totales (FT) y la actividad antioxidante (AA) del producto obtenido; evaluar el efecto de la liofilizaci&#xF3;n sobre la actividad antioxidante; determinar la dosis m&#xED;nima de neotame para edulcorar las muestras; evaluar el efecto del consumo de c&#xE1;scara de xoconostle sobre la glucosa en sangre, insulina y triglic&#xE9;ridos s&#xE9;ricos. El proceso de secado se caracteriz&#xF3; con el m&#xE9;todo de Geankoplis (1998). Los FT se cuantificaron con el m&#xE9;todo Folin-Ciocalteu y la AA se evalu&#xF3; con el m&#xE9;todo de DPPH (2,2-difenil-1picrilhidracilo). Se emple&#xF3; el m&#xE9;todo del est&#xED;mulo constante para la evaluaci&#xF3;n sensorial de las muestras. El tiempo de edulcorado no disminuy&#xF3; el tiempo de secado convectivo. La concentraci&#xF3;n de neotame disminuy&#xF3; el tiempo de liofilizaci&#xF3;n, el contenido de fenoles y actividad antioxidante. La liofilizaci&#xF3;n no afect&#xF3; la actividad antioxidante de c&#xE1;scara no edulcorada. La concentraci&#xF3;n m&#xED;nima de neotame fue de 0.032 g de neotame L-1. Se realiz&#xF3; un estudio cl&#xED;nico en sujetos sanos. El consumo en dosis &#xFA;nica de la c&#xE1;scara de xoconostle, no tuvo efecto antihiperglucemiante, no aument&#xF3; la concentraci&#xF3;n de insulina y no disminuy&#xF3; los niveles de triglic&#xE9;ridos s&#xE9;ricos.</subfield>
  </datafield>
  <datafield tag="520" ind1="3" ind2=" ">
    <subfield code="a">Xoconostle, nopal fruit known as acid prickly fruit (pH lower than 3.4), belongs to the genera Opuntia from the cactaceae family and it is classified as Opuntia matudae Scheinvar. The aims of this study were: to develop a candy from the skin of xoconostle fruit (O. matudae) without modifying its nutritional potential and improve its flavor with neotame; to determine the effect of the concentration of neotame in the total content of phenols (FT) and the antioxidant activity (AA) of the obtained product; to evaluate the effect of freeze drying on the antioxidant activity; to determine the minimum dose of neotame to sweeten the samples; to evaluate the effect of xoconostle skin consumption on the level of glucose in blood, insulin and triglycerides in serum. The drying process was characterized with the method of Geankoplis (1998). FT were quantified with the method of FolinCiocalteu and the AA with the DPPH method (2,2-diphenyl-1-picrylhydracyle). The method of continuous stimulation was used for the sensory evaluation of the samples. The time for sweetening did not cause the decrease of the time of convective drying. The neotame concentration decreased freeze drying time, phenol content and antioxidant activity. The freeze drying process did not affect the antioxidant activity in unsweetened skin. The minimum neotame concentration was 0.032 g neotame L-1. The clinical study was performed in healthy subjects. The consumption in single dose of xoconostle skin did not have antihyperglycemic effect, the insulin concentration did not increased and the serum triglyceride levels did not decrease.</subfield>
  </datafield>
  <datafield tag="650" ind1="1" ind2="3">
    <subfield code="a">Xoconostle</subfield>
    <subfield code="2">atg</subfield>
  </datafield>
  <datafield tag="650" ind1="1" ind2="3">
    <subfield code="a">Golosinas</subfield>
    <subfield code="2">atg</subfield>
    <subfield code="x">Valor nutritivo</subfield>
  </datafield>
  <datafield tag="650" ind1="1" ind2="3">
    <subfield code="a">Candy  </subfield>
    <subfield code="2">atg</subfield>
    <subfield code="x">Nutritive value</subfield>
  </datafield>
  <datafield tag="700" ind1="1" ind2=" ">
    <subfield code="a">Corrales Garc&#xED;a, Jos&#xE9; Joel Enrique</subfield>
    <subfield code="e">director</subfield>
  </datafield>
  <datafield tag="700" ind1="1" ind2=" ">
    <subfield code="a">Garc&#xED;a Mateos, Ma. del Rosario</subfield>
    <subfield code="e">asesora</subfield>
  </datafield>
  <datafield tag="700" ind1="1" ind2=" ">
    <subfield code="a">Hern&#xE1;ndez Montes, Arturo</subfield>
    <subfield code="e">asesor</subfield>
  </datafield>
  <datafield tag="700" ind1="1" ind2=" ">
    <subfield code="a">Pe&#xF1;a Valdivia, Cecilia Beatriz</subfield>
    <subfield code="e">asesora</subfield>
  </datafield>
  <datafield tag="856" ind1="4" ind2="1">
    <subfield code="u">http://10.13.5.2/tesis/sist108825.pdf</subfield>
    <subfield code="y">DESCARGAR PDF</subfield>
  </datafield>
  <datafield tag="901" ind1=" " ind2=" ">
    <subfield code="a">TESIS A58 2013</subfield>
  </datafield>
  <datafield tag="902" ind1=" " ind2=" ">
    <subfield code="a">M</subfield>
  </datafield>
  <datafield tag="905" ind1=" " ind2=" ">
    <subfield code="a">5232272013                          mx l   8222223322spa16</subfield>
  </datafield>
  <datafield tag="942" ind1=" " ind2=" ">
    <subfield code="c">TESIS</subfield>
    <subfield code="2">Clasificaci&#xF3;n Universidad Aut&#xF3;noma Chapingo</subfield>
  </datafield>
  <datafield tag="999" ind1=" " ind2=" ">
    <subfield code="c">176082</subfield>
    <subfield code="d">176082</subfield>
  </datafield>
  <datafield tag="952" ind1=" " ind2=" ">
    <subfield code="0">0</subfield>
    <subfield code="1">0</subfield>
    <subfield code="2">local</subfield>
    <subfield code="4">0</subfield>
    <subfield code="5">5</subfield>
    <subfield code="7">0</subfield>
    <subfield code="8">TESIS</subfield>
    <subfield code="a">IA_</subfield>
    <subfield code="b">IA_</subfield>
    <subfield code="d">2024-09-10</subfield>
    <subfield code="e">El autor</subfield>
    <subfield code="l">1</subfield>
    <subfield code="o">Tesis A58 2013</subfield>
    <subfield code="p">1101007395</subfield>
    <subfield code="r">2024-09-10 14:51:00</subfield>
    <subfield code="s">2024-09-10</subfield>
    <subfield code="t">Ej. 3</subfield>
    <subfield code="y">CD</subfield>
  </datafield>
  <datafield tag="952" ind1=" " ind2=" ">
    <subfield code="0">0</subfield>
    <subfield code="1">0</subfield>
    <subfield code="2">local</subfield>
    <subfield code="4">0</subfield>
    <subfield code="5">1</subfield>
    <subfield code="7">0</subfield>
    <subfield code="8">TESIS</subfield>
    <subfield code="a">IA_</subfield>
    <subfield code="b">IA_</subfield>
    <subfield code="d">2022-01-18</subfield>
    <subfield code="e">El autor</subfield>
    <subfield code="l">0</subfield>
    <subfield code="o">Tesis A58 2013</subfield>
    <subfield code="p">1101007394</subfield>
    <subfield code="r">2022-01-18 00:00:00</subfield>
    <subfield code="t">Ej. 2</subfield>
    <subfield code="y">CD</subfield>
  </datafield>
  <datafield tag="952" ind1=" " ind2=" ">
    <subfield code="0">0</subfield>
    <subfield code="1">0</subfield>
    <subfield code="2">local</subfield>
    <subfield code="4">0</subfield>
    <subfield code="7">0</subfield>
    <subfield code="8">TesDigM</subfield>
    <subfield code="a">IA_</subfield>
    <subfield code="b">IA_</subfield>
    <subfield code="c">E_L</subfield>
    <subfield code="d">2024-09-02</subfield>
    <subfield code="e">El autor</subfield>
    <subfield code="l">0</subfield>
    <subfield code="p">1201007394</subfield>
    <subfield code="r">2024-09-02 12:59:52</subfield>
    <subfield code="w">2024-09-02</subfield>
    <subfield code="y">TD</subfield>
  </datafield>
  <datafield tag="952" ind1=" " ind2=" ">
    <subfield code="0">0</subfield>
    <subfield code="1">0</subfield>
    <subfield code="2">local</subfield>
    <subfield code="4">0</subfield>
    <subfield code="5">1</subfield>
    <subfield code="7">0</subfield>
    <subfield code="8">TESIS</subfield>
    <subfield code="a">IA_</subfield>
    <subfield code="b">IA_</subfield>
    <subfield code="d">2026-02-09</subfield>
    <subfield code="e">El autor</subfield>
    <subfield code="l">0</subfield>
    <subfield code="o">Tesis A58 2013</subfield>
    <subfield code="p">1101016360</subfield>
    <subfield code="r">2026-02-09 13:02:35</subfield>
    <subfield code="t">Ej. 1</subfield>
    <subfield code="w">2026-02-09</subfield>
    <subfield code="y">TESIS</subfield>
  </datafield>
</record>
